000 01153nam a2200277 i 4500
001 14441
003 ES-MaACL
005 20230906150819.0
007 t|
008 990311s1998 sp ||||1| spa d
020 _a84-8410-034-0
080 _a351.751(460)"19"(094.9)
080 _a342.727(460)"19"(094.9)
100 1 _aBastida Freijedo, Francisco J.
_926370
245 1 0 _aLibertades de expresión e información y medios de comunicación
_b: (prontuario de jurisprudencia constitucional) : 1981-1998 /
_cFrancisco J. Bastida Freijedo, Ignacio Villaverde Menéndez.
260 _aPamplona :
_bAranzadi,
_c[1998]
300 _a308 p. ;
_c23 cm.
490 1 _aCuadernos Aranzadi del Tribunal Constitucional ;
_v1
650 1 4 _aLibertad de expresión-
_yEspaña-
_vJurisprudencia.
_914407
650 1 4 _aLibertad de información-
_zEspaña-
_vJurisprudencia.
_914411
650 1 4 _aMedios de comunicación social-
_zEspaña-
_vJurisprudencia.
_914974
700 1 _aVillaverde Menéndez, Ignacio.
_9115186
830 0 _aCuadernos Aranzadi del Tribunal Constitucional ;
_v1
_9179704
852 _aES-MaACL
_jL-21641
_bR.127048
999 _c14441
_d14441